Statistics for Anagram Chain - US Presidents

Click here to take the quiz!

General Stats

  • This quiz has been taken 671 times
  • The average score is 15 of 24

Answer Stats

HintAnswer% Correct
First name: Barack ->OBAMA
100%
Remove B, O; Add S, DADAMS
85%
Remove S, L, W; Add X, NNIXON
81%
Remove D, M, A; Add L, WWILSON
79%
Remove A; Add N, O, IMADISON
78%
Remove X; Add T, L, CCLINTON
76%
Remove C, I, Lx2; Add H, J, O, SJOHNSON
76%
Remove T; Add LLINCOLN
74%
Remove J, S, Nx2; Add R, V, EHOOVER
71%
Remove H; Add T, E, S, LROOSEVELT
71%
Remove T, E, L, V, S; Add N, MMONROE
68%
Remove N, O; Add I, F, Lx2FILLMORE
66%
Remove A, E; Add TGRANT
63%
Remove G; Add M, UTRUMAN
60%
Remove M, O, L; Add D, A, GGARFIELD
59%
Remove D, I, L, F; Add N, AREAGAN
58%
Remove S, A, H; Add E, K, D, Nx2KENNEDY
54%
Remove N, M; Add H, RARTHUR
49%
Remove U, H, R; Add L, O, YTAYLOR
49%
Remove O, A; Add ETYLER
49%
Remove R, L, T; Add S, H, AHAYES
48%
Remove D, E, Y, K; Add U, A, R, B, VVAN BUREN
43%
Remove H, U, C, Nx2; Add M, OOBAMA
42%
Remove R, E, V; Add H, A, CBUCHANAN
40%

Score Distribution

Percentile by Number Answered

Percent of People with Each Score

Your Score History

You have not taken this quiz